Por la democracia universitaria
محفوظ في:
| المؤلف الرئيسي: | |
|---|---|
| التنسيق: | كتاب |
| اللغة: | الإسبانية |
| منشور في: |
Mérida
Universidad de los Andes
1970
|
| الموضوعات: | |
| الوسوم: |
إضافة وسم
لا توجد وسوم, كن أول من يضع وسما على هذه التسجيلة!
|
MARC
| LEADER | 00000nam a2200000 a 4500 | ||
|---|---|---|---|
| 001 | UCZ7065 | ||
| 003 | CL-VaPUC | ||
| 008 | 951222e19700000VE |||||||||||||||||spa|d | ||
| 082 | 0 | 4 | |a 378 |b MEN |2 21 |
| 100 | |a Mendoza Angulo, José |e autor |9 351781 | ||
| 245 | 1 | 0 | |a Por la democracia universitaria |
| 300 | |a 210 p | ||
| 942 | |c BK | ||
| 945 | |d 19951222 00:00:00 |a cmena | ||
| 260 | |a Mérida |b Universidad de los Andes |c 1970 | ||
| 650 | 0 | |a Universidades |9 256317 | |
| 650 | 0 | |a Democratización de la educación |9 307986 | |
| 650 | 7 | |a REFORMA DE LA EDUCACION |2 CL-VaPUC |9 333471 | |
| 650 | 0 | |a Educación superior |9 223851 | |
| 650 | 0 | |a Igualdad de educación |9 335637 | |
| 650 | 0 | |a Innovaciones pedagógicas |9 307471 | |
| 583 | |a last modification |c 19951222 00:00:00 |k Rodrigo Vera | ||
| 999 | |c 243189 |d 243187 | ||
| 952 | |0 0 |1 0 |4 0 |6 378_000000000000000_MEN_1970 |7 0 |8 P |9 256664 |a BIBEDU |b BIBEDU |c BIBEDU_PB |d 2019-11-19 |i 1608835 |o 378 MEN 1970 |p 1608835 |r 2024-01-25 |w 2019-11-19 |y BK |k EDU | ||
| 952 | |0 0 |1 0 |4 0 |6 378_000000000000000_MEN_1970 |7 0 |8 P |9 256665 |a BIBDER |b BIBDER |d 2019-11-19 |i 1862065 |o 378 MEN 1970 |p 1862065 |r 2023-01-25 |w 2019-11-19 |y BK |k DER | ||